| 000 | 00000nas 2200000za 4500 |
| 001 | 9.813602 |
| 003 | CaOODSP |
| 005 | 20221107141559 |
| 007 | cr ||||||||||| |
| 008 | 160322d19571975oncar p oss f000#b0fre|d |
| 022 | |y0381-8799 |
| 040 | |aCaOODSP|bfre |
| 041 | |aeng|afre |
| 043 | |an-cn--- |
| 086 | 1 |aCS91-204-PDF |
| 245 | 00|aEstimates of families in Canada |h[ressource électronique] = |bNombre estimatif de familles au Canada. |
| 246 | 11|aNombre estimatif de familles au Canada |
| 260 | |a[Ottawa] : |bBureau fédéral de la statistique, Division du recensement, Section de l'analyse sociale, |c[1958]-1977. |
| 310 | |aAnnuel |
| 362 | 0 |a1957-1975. |
| 500 | |aÉdition numérisée de l’imprimé [par Statistique Canada]. |
| 515 | |aAucune livr. pour les années de recensement. |
| 546 | |aTexte en anglais et en français. |
| 550 | |aPublié 1958-1960, par la Section de l'analyse du recensement;1962-1964, par la Section des études du recensement; 1965 par la Section des estimations courantes de la population de l'analyse et de la citoyenneté; 1967-1969, par la Section des recherches; 1970 par Statistique Canada, Division du recensement, Section des recherches; 1972, par la Secteur du recensement, Section des recherches; 1973-1975, par la Division des estimations et des projections démographiques. |
| 692 | 07|2gccst|aPopulation |
| 692 | 07|2gccst|aFamille |
| 692 | 07|2gccst|aStatistiques démographiques |
| 710 | 1 |aCanada. |bBureau fédéral de la statistique. |
| 710 | 1 |aCanada.|bDivision du recensement.|bSection de l'analyse sociale. |
| 710 | 1 |aCanada.|bDivision du recensement.|bSection de l'analyse du recensement. |
| 710 | 1 |aCanada.|bDivision du recensement.|bSection des estimations courantes de la population de l'analyse et la citoyenneté. |
| 710 | 1 |aCanada.|bDivision du recensement.|bSection des recherches. |
| 710 | 2 |aStatistique Canada.|bDivision du recensement.|bSection des recherches. |
| 710 | 2 |aStatistique Canada.|bSecteur du recensement.|bSection des recherches. |
| 710 | 2 |aStatistique Canada.|bDivision des estimations et des projections démographiques. |
| 780 | 00|tEstimates of households and families in Canada |w(CaOODSP)9.813600 |
| 785 | 00|tEstimates of families for Canada and the provinces |w(CaOODSP)9.813642 |
| 791 | |tEstimates of families in Canada |eeng|w(CaOODSP)9.813601 |